00280 a2200085 450000100060000008200180000610000180002424501200004226000320016278021 a970.01519 CHR aChriso, peter aChristopher Columbus ; explorer of the new world; be an eyewirness to.... columbus thrilling voyages of exploration aNYbDorlng Kindersleyc2001